000 01675nam a2200349 c 4500
003 BLK
005 20240629094724.0
008 180410b bul|||||r ||||||| ||bul||
010 _aKNG00158685000
040 _aBLK
041 _aBUL
_cBUL
080 _aАнглийска литература
_b821.111
_x-31
_z821.111-31
080 _aАнглийска литература
_b821.111
_x-94
_z821.111-94
100 1 _aДефо, Даниел
_eпърви автор
_9371409
700 1 _aАтанасов, Васил Боянов
_eпрев. от англ.
_9376722
700 1 _aАтанасов, Боян Василев
_eпрев. от англ.
_9367302
700 1 _aСтефанова, Юлия Иванова
_eпредг. от
_9331715
139 _aДефо, Даниел
_bД 46
245 1 0 _aДневник на чумавата година
_cДаниел Дефо; прев. от англ. Васил Боянов Атанасов; прев. от англ. Боян Василев Атанасов; предг. от Юлия Иванова Стефанова.
257 _aGBR
260 София
_bНар. култура
_c1983
300 _a560 с.
_c21 см
380 _aX
490 1 _aБиблиотека Световна класика
500 _aОриг. загл. A journal of the plague year ; Moll Flanders / Daniel Defoe. - В кн. означено 1. и 2. изд. - 80 125 тир.
852 _aЦб 122525
856 4 _qpdf
_u
856 4 _qpdf
_u
942 _cKNG
_n0
_014
944 _aCR
_c26.03.2014
_lМоника Янева
_k30570
944 _aED
_c26.03.2014
_l26.03.2014 - от С1,Р / 26.03.2014
_k
999 _c152238
_d152238